De la tierra a la luna / (Registro nro. 7174)

Detalles MARC
000 -LIDER
fixed length control field 00769nam a2200229 a 4500
001 - NÚMERO DE CONTROL
Identificador de número de control 000015130
003 - IDENTIFICACDOR DE NÚMERO DE CONTROL
control field 000015130
005 - DATE AND TIME OF LATEST TRANSACTION
control field 20180212131626.0
008 - ELEMENTOS DE LONGITUD FIJA
fixed length control field 100201s1998 dr a 000 0 spa d
040 ## - FUENTE DE CATALOGACIÓN
Agencia que crea de manera original el registro BPMET
Idioma de catalogación spa
Agencia que realiza la transcripción BPMET
100 1# - ASIENTO PRINCIPAL -- NOMBRE PERSONAL
Nombre personal Verne, Julio
245 10 - MENCIÓN DE TITULO
Título De la tierra a la luna /
Subtítulo versión Rafael Calcaño
Mención de responsabilidad Julio Verne :ilustraciones Dorindo Carvalho
260 ## - PUBLICACIÓN, DISTRIBUCIÓN, ETC. (PIE DE IMPRENTA)
Lugar de publicación, distribución, etc Santo Domingo :
Nombre del editor, distribuidor, etc. CENAPEC,
Fecha de publicación, distribución, etc 1988.
300 ## - DESCRIPCIÓN FÍSICA
Extensión 111 p. :
Otros detalles físicos ils. ;
Dimensiones 22 cm.
490 1# - MENCIÓN DE SERIES
Mención de serie Clásicos universales Tobogán
500 ## - NOTA GENERAL
Nota general La biblioteca posee la versión de 2008
700 ## - ASIENTO SECUNDARIO -- NOMBRE PERSONAL
Nombre personal Carvalho, Dorindo
Mención de responsabilidad il.
830 ## - ASIENTO SECUNDARIO DE SERIE--TÍTULO UNIFORME
Número de la parte o sección de una obra Clásicos universales Tobogán
942 ## - ADDED ENTRY ELEMENTS (KOHA)
Source of classification or shelving scheme Dewey Decimal Classification
Koha item type Libros
945 ## - INFORMACIÓN DE PROCESAMIENTO LOCAL
Información de procesamiento local Título remanenado para la BNPHU / 2018 VM
956 ## - LOCAL ELECTRONIC LOCATION AND ACCESS (OCLC)
Nombre de host VMATEO
Número de acceso 10
Información de compresión 20150511
Inicio de sesión BPMSU
Procesador de solicitud 0069
Existencias
Withdrawn status Lost status Source of classification or shelving scheme Damaged status Not for loan Collection code Home library Current library Date acquired Total Checkouts Barcode Date last seen Copy number Price effective from Koha item type
    Dewey Decimal Classification     Colección Infantil Dominicana Biblioteca Pública Metropolitana Salomé Ureña Biblioteca Pública Metropolitana Salomé Ureña 05/14/2015   BPMSU15051718 05/14/2015 ej. 2 05/14/2015 Libros
    Dewey Decimal Classification     Colección Infantil Dominicana Biblioteca Pública Metropolitana Salomé Ureña Biblioteca Pública Metropolitana Salomé Ureña 05/15/2015   BPMSU15051733 05/15/2015 ej. 3 05/15/2015 Libros
    Dewey Decimal Classification     Colección Dominicana Biblioteca Pública Metropolitana Salomé Ureña Biblioteca Pública Metropolitana Salomé Ureña 05/15/2015   BPMSU15051734 05/15/2015 e. 3 05/15/2015 Libros